[Event "EYCC Open U18 2018"]
[Site "Riga"]
[Date "2018.08.22"]
[Round "3"]
[White "Nguyen, Thai Dai Van"]
[Black "Mirzoyan, Davit T."]
[Result "1/2-1/2"]
[WhiteElo "2548"]
[BlackElo "2364"]
[Annotator "TA"]
[PlyCount "84"]
[EventDate "2018.08.20"]
[EventType "swiss"]
[EventCountry "LAT"]
[SourceTitle "playchess.com"]
[Source "ChessBase"]
[SourceQuality "1"]

{[%evp 15,84,5,0,-37,-29,-57,-52,-60,-49,-41,-39,-50,-52,-43,-38,-35,-26,-58,-55,-60,-59,-54,-36,-60,-52,-56,-50,-45,-48,-88,-79,-55,-39,-45,-35,-12,-12,-26,-21,-24,-30,-34,0,-58,-47,-45,-44,-177,-172,-160,-166,-283,-283,-258,-169,-223,-127,-610,-7,-8,-8,-8,-8,-8,0,-8,-10,-8,-11,-15,0]} 1. c4 e6 2. Nc3 d5 3. d4 Be7 4. cxd5 exd5 5. Bf4 c6 6. e3 Bf5 7. g4 Be6 8. h4 Bxh4 {LiveBook: 12 Games. D31: Queen's Gambit Declined: Semi-Slav without ...Nf6 (+ Marshall Gambit and Noteboom) and Exchange Variation lines without ...Nf6} 9. Bd3 (9. Qb3 g5 10. Be5 f6 11. Bh2 Bxg4 12. Qxb7 Qe7 13. Qxe7+ Nxe7 14. Be2 Bxe2 15. Kxe2 Nd7 16. Nf3 {0-1 (47) Giri,A (2785)-So,W (2815) chess.com INT 2017}) 9... Nd7 10. Qf3 $146 ({Predecessor:} 10. Qb3 g5 11. Nf3 gxf4 12. Rxh4 fxe3 13. fxe3 Qf6 14. Kf2 O-O-O 15. g5 Qg7 16. Rah1 h5 17. Rxh5 Rxh5 18. Rxh5 {0-1 (52) Chiku Ratte,O (2300)-Tang,A (2466) Las Vegas 2016}) 10... g5 {Black is slightly better.} 11. Bg3 Ngf6 12. Bxh4 Bxg4 ({Much worse is} 12... gxh4 $6 13. g5 $14) 13. Qg2 gxh4 14. Rxh4 h5 15. f3 $1 {[%cal Rf3g4]} Be6 $1 16. Qf2 Nf8 17. O-O-O Qe7 18. Nge2 Ng6 19. Rh2 O-O-O 20. Rdh1 Rh6 21. Ng3 {[%cal Rg3h5]} Rdh8 22. Na4 Kb8 23. Nc5 Ka8 24. Nxe6 fxe6 25. Nxh5 Nxh5 26. Bxg6 $1 Rxg6 27. Rxh5 Rxh5 28. Rxh5 $15 {[%mdl 4096] Endgame Threatening mate with Rh8+. KQR-KQR} Qg7 (28... a6 {feels hotter.} 29. Rh2 Qg7 30. Qd2 e5 31. Qc3 Rg1+) 29. Rh1 ({Better is} 29. Qh4 $11 Rg1+ 30. Kc2) 29... a6 30. Qh2 Ka7 31. Rf1 (31. a4 $15) 31... Rg2 $1 $19 {[%cal Rg2h2]} 32. Qd6 {[#]} Rg1 $1 {[%cal Rg1f1]} 33. Rxg1 (33. Rd1 {only move.}) 33... Qxg1+ {KQ-KQ} 34. Kc2 {[#]} Qf2+ $1 ({Stronger than} 34... Qxe3 35. Qc5+ Kb8 36. Qd6+ Kc8 37. Qf8+ Kd7 38. Qg7+ Kc8 39. Qf8+ Kc7 40. Qe7+ Kb8 41. Qd6+ Kc8 42. Qf8+ $11) 35. Kd3 Qxf3 (35... Qxb2 $19 {aiming for ...Qb1+.} 36. Qc5+ Qb6) 36. Qxe6 $2 {[%mdl 8192]} (36. Qc5+ $17 Ka8 37. b3) 36... Qf1+ $2 (36... Qd1+ $19 37. Kc3 Qc1+ 38. Kb3 Qc4+ 39. Ka3 a5) 37. Kc2 $1 $11 {The position is equal.} Qc4+ 38. Kb1 Qd3+ 39. Kc1 Qf1+ 40. Kc2 $1 Qe2+ 41. Kc1 $1 Qe1+ 42. Kc2 Qe2+ {Precision: White = 44%, Black = 77%.} 1/2-1/2

[Event "EYCC Open U18 2018"]
[Site "Riga"]
[Date "2018.08.22"]
[Round "3"]
[White "Livaic, Leon"]
[Black "Laurent Paoli, Pierre"]
[Result "1-0"]
[WhiteElo "2495"]
[BlackElo "2320"]
[Annotator "RC"]
[PlyCount "111"]
[EventDate "2018.08.20"]
[EventType "swiss"]
[EventCountry "LAT"]
[SourceTitle "playchess.com"]
[Source "ChessBase"]
[SourceQuality "1"]
[TimeControl "40/5400+30:1800+30"]

1. d4 {[%emt 0:00:00]} Nf6 {[%emt 0:00:00]} 2. c4 {[%emt 0:00:00]} c5 {[%emt 0:00:00]} 3. d5 {[%emt 0:00:00]} b5 {[%emt 0:00:00]} 4. cxb5 {[%emt 0:00:00]} a6 {[%emt 0:00:00]} 5. bxa6 {[%emt 0:00:00]} g6 {[%emt 0:00:00]} 6. Nc3 {[%emt 0:00:00]} Bg7 {[%emt 0:00:00]} 7. e4 {[%emt 0:00:10]} O-O {[%emt 0:00:03]} 8. a7 {[%emt 0:00:49]} Rxa7 {[%emt 0:00:04]} 9. Nf3 {[%emt 0:00:02]} e6 {[%emt 0:00:05]} 10. Be2 {[%emt 0:00:02]} exd5 {[%emt 0:00:06]} 11. exd5 {[%emt 0:00:02]} d6 {[%emt 0:00:07]} 12. O-O {[%emt 0:00:02]} Na6 {[%emt 0:00:03]} 13. Nb5 {[%emt 0:01:48]} Rd7 {[%emt 0:00:06]} 14. Bc4 {[%emt 0:02:18]} Bb7 {[%emt 0:03:41]} 15. Bg5 {[%emt 0:07:28]} h6 {[%emt 0:24:24]} 16. Bxf6 {[%emt 0:00:52]} Qxf6 {[%emt 0:00:03]} 17. Rb1 {[%emt 0:09:49]} g5 {[%emt 0:08:03]} 18. h3 {[%emt 0:06:14]} h5 {[%emt 0:16:01]} 19. Nh2 {[%emt 0:14:55]} Qg6 {[%emt 0:04:25]} 20. Re1 {[%emt 0:06:59]} Nc7 {[%emt 0:20:24]} 21. Nxc7 {[%emt 0:02:24]} Rxc7 {[%emt 0:00:02]} 22. Bd3 {[%emt 0:16:37]} f5 {[%emt 0:02:53]} 23. Re6 {[%emt 0:00:12]} Rf6 {[%emt 0:00:29]} 24. g4 {[%emt 0:11:37]} Qf7 {[%emt 0:04:48]} 25. Bxf5 {[%emt 0:02:05]} Rxf5 {[%emt 0:00:04]} 26. gxf5 {[%emt 0:00:04]} Qxf5 {[%emt 0:00:03]} 27. Re8+ {[%emt 0:01:38]} Bf8 {[%emt 0:00:18]} 28. Rc1 {[%emt 0:03:33]} Rf7 {[%emt 0:01:33]} 29. Qc2 {[%emt 0:02:26]} Qxd5 {[%emt 0:00:42]} 30. Qg6+ {[%emt 0:00:54]} Rg7 {[%emt 0:00:41]} 31. Qe6+ {[%emt 0:00:05]} Qxe6 {[%emt 0:00:04]} 32. Rxe6 {[%emt 0:00:03]} Bd5 {[%emt 0:03:01]} 33. Rh6 {[%emt 0:03:07]} g4 {[%emt 0:07:19]} 34. hxg4 {[%emt 0:00:10]} hxg4 {[%emt 0:00:05]} 35. Rc3 {[%emt 0:03:50]} Re7 {[%emt 0:02:45]} 36. Rg6+ {[%emt 0:00:06]} Kf7 {[%emt 0:00:17]} 37. Rxg4 {[%emt 0:00:11]} Re1+ {[%emt 0:00:26]} 38. Nf1 {[%emt 0:00:05]} Bg7 {[%emt 0:02:12]} 39. Rf4+ {[%emt 0:05:31]} Ke6 {[%emt 0:00:56]} 40. Re3+ {[%emt 0:00:00]} Rxe3 {[%emt 0:00:00]} 41. Nxe3 {[%emt 0:00:08]} Bxa2 {[%emt 0:00:18]} 42. b4 {[%emt 0:03:46]} cxb4 {[%emt 0:05:37]} 43. Re4+ {[%emt 0:01:00]} Kd7 {[%emt 0:01:39]} 44. Rxb4 {[%emt 0:00:15]} Kc6 {[%emt 0:00:07]} 45. Nf5 {[%emt 0:02:57]} Bf6 {[%emt 0:01:57]} 46. Ra4 {[%emt 0:00:40]} Be6 {[%emt 0:00:51]} 47. Ra6+ {[%emt 0:04:52]} Kd5 {[%emt 0:00:15]} 48. Nxd6 {[%emt 0:00:12]} Bd7 {[%emt 0:00:21]} 49. Nc4 {[%emt 0:00:53]} Bd4 {[%emt 0:00:25]} 50. Rd6+ {[%emt 0:00:10]} Kxc4 {[%emt 0:00:05]} 51. Rxd7 {[%emt 0:00:02]} Kd3 {[%emt 0:00:07]} 52. Kg2 {[%emt 0:00:11]} Ke4 {[%emt 0:00:03]} 53. Rxd4+ {[%emt 0:00:27]} Kxd4 {[%emt 0:00:04]} 54. Kf3 {[%emt 0:00:03]} Kd5 {[%emt 0:00:16]} 55. Kf4 {[%emt 0:00:07]} Kd6 {[%emt 0:00:08]} 56. Kf5 {[%emt 0:00:12]} 1-0

[Event "EYCC Open U18 2018"]
[Site "Riga"]
[Date "2018.08.22"]
[Round "3"]
[White "Gumularz, Szymon"]
[Black "Marosi, Levente"]
[Result "1-0"]
[WhiteElo "2458"]
[BlackElo "2288"]
[Annotator "TA"]
[PlyCount "61"]
[EventDate "2018.08.20"]
[EventType "swiss"]
[EventCountry "LAT"]
[SourceTitle "playchess.com"]
[Source "ChessBase"]
[SourceQuality "1"]

{[%evp 22,61,58,62,65,56,69,49,47,62,52,59,63,48,78,27,54,47,67,68,57,45,405,372,429,429,486,342,337,355,339,339,382,376,414,390,375,367,350,320,693,685]} 1. e4 c6 2. Nc3 d5 3. Nf3 Bg4 {[%cal Bc8g4,Bg4h5,Bh5g6][%mdl 32]} 4. h3 Bh5 5. exd5 cxd5 6. Bb5+ Nc6 7. g4 Bg6 8. Ne5 Rc8 9. d4 e6 10. Qe2 Bd6 11. Nxg6 {B11: Caro-Kann: Two Knights Variation} hxg6 12. Nxd5 $1 {LiveBook: 12 Games} Kf8 13. Bxc6 $1 {White is slightly better.} Rxc6 14. Ne3 Nf6 15. c3 {[#]} Bf4 $146 ({Predecessor:} 15... Bb8 16. Qf3 e5 17. dxe5 Nd7 18. Qd5 Qe8 {0-1 (46) Venkatesh,M (2517)-Ding,L (2679) Ho Chi Minh City 2012}) 16. Qf3 g5 17. O-O Nd7 18. b3 (18. Nc2 $16) 18... Rxc3 19. Bb2 $36 {[%mdl 2048] White is pushing.} Rc6 20. d5 exd5 $1 21. Rad1 Nb6 $2 {[%mdl 8192]} ({Better is} 21... Bxe3 $1 $14 22. Qxe3 (22. fxe3 Nf6 $11) 22... Re6) 22. Nxd5 $18 Nxd5 23. Rxd5 Qe7 {[#]} 24. Ba3 $1 {[%mdl 512]} Qxa3 25. Rd8+ Ke7 26. Rxh8 {Strongly threatening Qd5.} Qb4 27. Rd1 Re6 28. a3 Qb6 29. Qd5 {[#] Black must now prevent Qd7+.} g6 30. Rh7 {Threatening mate with Qd7+.} Kf6 $2 (30... Qc7 31. h4 gxh4 32. Rxh4 Be5) 31. h4 {Precision: White = 86%, Black = 25%.} 1-0

[Event "EYCC Open U18 2018"]
[Site "Riga"]
[Date "2018.08.22"]
[Round "3"]
[White "Bronstein, Or"]
[Black "Plazuelo Pascual, Juan"]
[Result "1-0"]
[WhiteElo "2342"]
[BlackElo "2429"]
[Annotator "TA"]
[PlyCount "75"]
[EventDate "2018.08.20"]
[EventType "swiss"]
[EventCountry "LAT"]
[SourceTitle "playchess.com"]
[Source "ChessBase"]
[SourceQuality "1"]

{[%evp 16,75,32,26,28,40,39,30,37,50,45,47,75,95,74,23,17,0,0,0,0,-39,23,7,139,141,141,134,121,116,91,12,382,371,334,303,339,354,312,308,318,334,287,307,322,290,534,535,498,423,380,229,421,385,950,920,863,820,29991,29992,29992,29993]} 1. d4 Nf6 2. c4 b6 3. Nc3 Bb7 4. Qc2 d5 5. cxd5 Nxd5 6. e4 Nxc3 {A50: Queen's Fianchetto Defence (1 d4 Nf6 2 c4 b6)} 7. bxc3 e6 (7... e5 8. Nf3 Nd7 9. Bc4 Bd6 10. Ng5 O-O 11. O-O Be7 12. f4 Bxg5 13. fxg5 Qe7 14. Bd3 exd4 15. cxd4 {½-½ (38) Le,Q (2737)-Iturrizaga Bonelli,E (2650) chess.com INT 2018}) 8. Nf3 Be7 9. Be3 {LiveBook: 3 Games} O-O 10. Rd1 Qc8 $146 ({Predecessor:} 10... Nd7 11. Bd3 c5 12. dxc5 Qc7 13. cxb6 axb6 14. O-O Nc5 15. Bxc5 Bxc5 {1-0 (39) Posedaru,B (2327)-Parligras,M (2599) Calimanesti Caciulata 2016}) 11. Be2 Rd8 12. c4 Bb4+ 13. Kf1 Be7 14. h4 Nd7 15. Bd3 (15. Bf4 $16) 15... e5 $11 16. Rh3 exd4 17. Bxd4 Nc5 18. Rg3 Ne6 (18... g6 $1 $15 19. Bxc5 Bxc5) 19. Bb2 h6 (19... Bf8 $11) 20. Qc1 $16 Kh7 21. Bc2 {Hoping for Rxd8.} Rxd1+ 22. Qxd1 Qd8 {[#]} 23. Qc1 (23. Nd4 $1 $16 {aiming for Qg4.} Nxd4 24. Bxd4) 23... Bxh4 $2 {[%mdl 8192] [#]} (23... Bf8 $1 $11) 24. Bxg7 $1 $18 {[%mdl 512]} Nxg7 25. Rh3 f5 26. Rxh4 Qf6 27. c5 {Threatens to win with Ng5+.} h5 28. e5 Qg6 29. Ng5+ Kh8 30. Bb3 Qc6 $2 (30... Rf8 {might work better.} 31. g3 a5 32. cxb6 cxb6) 31. Nf7+ Kh7 32. Ke1 {And now e6! would win.} Re8 33. Rd4 Qg6 $2 (33... bxc5 34. Rd7 Ba6) 34. Ng5+ Kh6 $2 (34... Kh8 35. Nf7+ Kh7) 35. Ne4+ Kh7 {[#]} 36. Bf7 $1 {[%mdl 512]} Qh6 (36... Qxf7 37. Ng5+) 37. Ng5+ Kh8 38. Bxe8 {Precision: White = 74%, Black = 41%.} 1-0

[Event "EYCC Open U18 2018"]
[Site "Riga"]
[Date "2018.08.22"]
[Round "3"]
[White "Iliaguev, Nisim"]
[Black "Warmerdam, Max"]
[Result "1/2-1/2"]
[WhiteElo "2324"]
[BlackElo "2421"]
[Annotator "TA"]
[PlyCount "57"]
[EventDate "2018.08.20"]
[EventType "swiss"]
[EventCountry "LAT"]
[SourceTitle "playchess.com"]
[Source "ChessBase"]
[SourceQuality "1"]

{[%evp 19,57,0,10,-4,8,-5,-6,-8,2,2,6,7,4,8,16,4,7,7,3,5,8,4,6,3,12,0,11,0,9,0,2,8,9,3,10,9,9,0,0,4]} 1. d4 d5 2. Bf4 c5 3. c3 Nc6 4. e3 Nf6 5. Nd2 e6 6. Ngf3 Be7 7. h3 Bd6 {D02: 1 d4 d5 2 Nf3 sidelines, including 2...Nf6 3 g3 and 2...Nf6 3 Bf4} 8. Bxd6 (8. dxc5 Bxc5 9. Bd3 O-O 10. O-O Bd6 11. Bxd6 Qxd6 12. e4 Rd8 13. Bc2 dxe4 14. Nxe4 Qe7 15. Qe2 {1-0 (67) So,W (2778)-Caruana,F (2816) Paris 2018}) 8... Qxd6 9. Bb5 O-O 10. O-O Bd7 {LiveBook: 6 Games. The position is equal.} 11. Qe2 a6 12. Bxc6 $146 ({Predecessor:} 12. Bd3 e5 13. dxe5 Nxe5 14. Nxe5 Qxe5 15. e4 {½-½ (90) Vyskocil,N (2321)-Worek,J (2298) Czech Republic 2017}) 12... Bxc6 13. Rfd1 Bb5 (13... c4 {is interesting.} 14. Ne5 b5 15. Re1 Nd7 16. Nxc6 Qxc6 17. e4 Nb6) 14. c4 Bxc4 15. Nxc4 dxc4 16. Qxc4 cxd4 17. Qxd4 Qxd4 18. Nxd4 Rfc8 19. Rac1 Kf8 20. Kf1 Ke7 21. Ke2 Ne4 22. f3 Nd6 23. e4 Nc4 24. Rc2 Nd6 25. Rdc1 Rxc2+ 26. Rxc2 Rc8 27. Rxc8 Nxc8 28. Kd3 Kd6 29. f4 {Precision: White = 43%, Black = 56%.} 1/2-1/2

[Event "EYCC Open U18 2018"]
[Site "Riga"]
[Date "2018.08.22"]
[Round "3"]
[White "Ozen, Bahadir"]
[Black "Erenberg, Ariel"]
[Result "1/2-1/2"]
[WhiteElo "2302"]
[BlackElo "2399"]
[Annotator "NA"]
[PlyCount "38"]
[EventDate "2018.08.20"]
[EventType "swiss"]
[EventCountry "LAT"]
[SourceTitle "playchess.com"]
[Source "ChessBase"]
[SourceQuality "1"]
[TimeControl "40/5400+30:1800+30"]

{[%evp 10,38,9,32767,32767,2,5,32767,32767,1,8,32767,32767,32767,32767,32767,32767,32767,22,32767,32767,23,32767,32767,81,71,68,77,32767,32767,45]} 1. d4 {[%emt 0:00:12]} Nf6 {[%emt 0:00:00]} 2. c4 {[%emt 0:00:47]} e6 {[%emt 0:01:27]} 3. Nc3 {[%emt 0:00:50]} Bb4 {[%emt 0:00:02]} 4. e3 {[%emt 0:00:51]} O-O {[%emt 0:01:28]} 5. Bd3 {[%emt 0:01:27]} b6 {[%emt 0:03:08]} 6. Nf3 {[%emt 0:01:35]} d5 {[%emt 0:07:09]} 7. O-O {[%emt 0:03:09]} Ba6 {[%emt 0:00:03] E52: Nimzo-Indian: Rubinstein: 4...0-0 5 Nf3 d5 6 Bd3 b6} 8. cxd5 {[%emt 0:04:52]} exd5 {[%emt 0:00:04]} 9. Bxa6 {[%emt 0:01:42]} Nxa6 {[%emt 0:00:02] LiveBook: 62 Games} 10. Qd3 {[%emt 0:00:19]} Qc8 {[%emt 0:00:48]} 11. Bd2 {[%emt 0:01:42]} Qb7 $146 {[%emt 0:15:49]} ({Predecessor:} 11... Re8 12. Rac1 Bf8 13. a3 c5 14. dxc5 Nxc5 {½-½ (54) Mamedyarov,S (2736)-Carlsen,M (2850) Berlin 2015}) 12. a3 {[%emt 0:03:12]} Be7 {[%emt 0:03:23]} 13. b4 {[%emt 0:03:20]} c5 {[%emt 0:00:31]} 14. bxc5 {[%emt 0:01:41]} bxc5 {[%emt 0:00:02]} 15. Rfb1 {[%emt 0:04:43]} Qc8 {[%emt 0:00:54]} 16. dxc5 {[%emt 0:00:16]} Nxc5 {[%emt 0:00:27]} 17. Nxd5 {[%emt 0:01:30]} Nxd5 {[%emt 0:09:16]} 18. Qxd5 {[%emt 0:00:03]} Bf6 {[%emt 0:01:13]} 19. Nd4 {[%emt 0:06:04]} Rd8 $14 {[%emt 0:02:28]} 1/2-1/2

[Event "EYCC Open U18 2018"]
[Site "Riga"]
[Date "2018.08.22"]
[Round "3"]
[White "Vasiesiu, Victor"]
[Black "Ioannidis, Evgenios"]
[Result "0-1"]
[WhiteElo "2297"]
[BlackElo "2343"]
[Annotator "NA"]
[PlyCount "62"]
[EventDate "2018.08.20"]
[EventType "swiss"]
[EventCountry "LAT"]
[SourceTitle "playchess.com"]
[Source "ChessBase"]
[SourceQuality "1"]
[TimeControl "40/5400+30:1800+30"]

1. e4 {[%emt 0:00:00]} c5 {[%emt 0:00:00]} 2. Nf3 {[%emt 0:00:00]} d6 {[%emt 0:00:00]} 3. d4 {[%emt 0:00:00]} cxd4 {[%emt 0:00:22]} 4. Nxd4 {[%emt 0:00:00]} Nf6 {[%emt 0:00:15]} 5. Nc3 {[%emt 0:00:01]} Nc6 {[%emt 0:00:25]} 6. f3 {[%emt 0:00:09]} e5 {[%emt 0:00:27]} 7. Nb3 {[%emt 0:02:29]} Be7 {[%emt 0:00:37]} 8. Be3 {[%emt 0:02:12]} O-O {[%emt 0:00:42]} 9. Qd2 {[%emt 0:01:24]} Be6 {[%emt 0:01:47]} 10. Nd5 {[%emt 0:02:56]} a5 {[%emt 0:01:25] B56: Classical Sicilian: Unusual Lines} 11. Bb6 {[%emt 0:03:48]} (11. c4 a4 12. Nc1 Bxd5 13. cxd5 Nd4 14. Ne2 Nxe2 15. Bxe2 Nd7 16. O-O h6 17. Bb5 Nc5 18. Bxc5 dxc5 {1-0 (39) Caruana,F (2823)-Topalov,V (2760) Saint Louis 2016}) 11... Qb8 {[%emt 0:01:11]} 12. Bc7 {[%emt 0:19:46]} Qc8 {[%emt 0:00:55]} 13. Nxe7+ {[%emt 0:00:47]} Nxe7 14. Qxd6 $146 {[%emt 0:22:52]} ({But not} 14. Bxd6 Rd8 $17) ({Predecessor:} 14. Bxa5 d5 15. Bb4 Re8 16. Nc5 Nc6 17. Bd3 dxe4 18. Nxe4 Nxe4 19. fxe4 Nxb4 20. Qxb4 {0-1 (53) Sacerdotali,S (2090)-Pedro,F (2082) LSS email 2011}) 14... Nc6 {[%emt 0:02:59]} 15. Bb6 $1 {[%emt 0:00:15]} Nd7 {[%emt 0:01:31]} 16. Bf2 {[%emt 0:13:38]} Nb4 {[%emt 0:01:58]} 17. Bd3 {[%emt 0:00:07]} Nxc2+ {[%emt 0:02:20]} 18. Bxc2 {[%emt 0:00:05]} Qxc2 {[%emt 0:00:04]} 19. O-O {[%emt 0:00:47]} Rfc8 {[%emt 0:15:12]} 20. Qa3 {[%emt 0:12:55]} a4 {[%emt 0:03:00]} 21. Rac1 {[%emt 0:00:47]} axb3 {[%emt 0:01:21]} 22. Rxc2 {[%emt 0:00:05]} bxc2 {[%emt 0:00:08]} 23. Qe3 {[%emt 0:00:32]} Rxa2 {[%emt 0:00:27]} 24. Qc1 {[%emt 0:01:55]} b5 {[%emt 0:01:48]} 25. Be3 {[%emt 0:05:37]} b4 {[%emt 0:00:53]} 26. Bd2 {[%emt 0:00:32]} b3 {[%emt 0:01:11]} 27. Bc3 {[%emt 0:01:41]} Rxc3 {[%emt 0:01:02]} 28. bxc3 {[%emt 0:00:14]} Bc4 {[%emt 0:00:06]} 29. Re1 {[%emt 0:01:34]} Bd3 {[%emt 0:00:06]} 30. Qe3 {[%emt 0:03:07]} b2 {[%emt 0:00:05]} 31. Qxd3 {[%emt 0:00:28]} c1=Q {[%emt 0:00:08]} 0-1

[Event "EYCC Open U18 2018"]
[Site "Riga"]
[Date "2018.08.22"]
[Round "3"]
[White "Kowalski, Igor"]
[Black "Nothnagel, Marian Can"]
[Result "1/2-1/2"]
[WhiteElo "2294"]
[BlackElo "2338"]
[Annotator "NA"]
[PlyCount "45"]
[EventDate "2018.08.20"]
[EventType "swiss"]
[EventCountry "LAT"]
[SourceTitle "playchess.com"]
[Source "ChessBase"]
[SourceQuality "1"]
[TimeControl "40/5400+30:1800+30"]

1. d4 {[%emt 0:00:00]} Nf6 {[%emt 0:00:00]} 2. c4 {[%emt 0:00:00]} e6 {[%emt 0:00:00]} 3. Nc3 {[%emt 0:00:00]} Bb4 {[%emt 0:00:00]} 4. Qc2 {[%emt 0:00:00]} d5 {[%emt 0:00:00]} 5. cxd5 {[%emt 0:03:45]} Qxd5 {[%emt 0:00:01]} 6. e3 {[%emt 0:04:38] LiveBook: 276 Games} c5 {[%emt 0:01:44]} 7. Bd2 {[%emt 0:00:04]} Bxc3 {[%emt 0:07:26]} 8. Bxc3 {[%emt 0:00:41]} O-O {[%emt 0:01:58]} 9. Nf3 {[%emt 0:02:08]} b6 {[%emt 0:02:50]} 10. dxc5 {[%emt 0:00:47]} Qxc5 {[%emt 0:00:35]} 11. Bd3 {[%emt 0:02:15]} Bb7 {[%emt 0:02:19]} 12. O-O {[%emt 0:08:13]} Nc6 {[%emt 0:06:15]} 13. Qa4 Rad8 {[%emt 0:05:59]} 14. Rfd1 $14 {[%emt 0:24:35]} e5 {[%emt 0:10:08]} 15. Ng5 {[%emt 0:25:45]} Qe7 {[%emt 0:07:58]} 16. Ne4 {[%emt 0:06:18]} Nd5 {[%emt 0:02:00]} 17. Bc4 {[%emt 0:02:03]} Nxc3 {[%emt 0:04:39]} 18. Nxc3 {[%emt 0:00:04]} Rxd1+ {[%emt 0:03:41]} 19. Rxd1 {[%emt 0:00:08]} Rd8 {[%emt 0:00:03]} 20. Rxd8+ {[%emt 0:11:21]} Qxd8 {[%emt 0:00:24]} 21. Bd5 {[%emt 0:00:59]} Qd6 {[%emt 0:01:56]} 22. e4 {[%emt 0:03:40]} g6 {[%emt 0:08:22]} 23. h3 {[%emt 0:00:43]} 1/2-1/2

[Event "EYCC Open U18 2018"]
[Site "Riga"]
[Date "2018.08.22"]
[Round "3"]
[White "Ranaldi, Lucas"]
[Black "Ileana, George"]
[Result "1/2-1/2"]
[WhiteElo "2291"]
[BlackElo "2324"]
[Annotator "NA"]
[PlyCount "153"]
[EventDate "2018.08.20"]
[EventType "swiss"]
[EventCountry "LAT"]
[SourceTitle "playchess.com"]
[Source "ChessBase"]
[SourceQuality "1"]
[TimeControl "40/5400+30:1800+30"]

1. Nf3 {[%emt 0:00:21]} Nf6 {[%emt 0:00:00]} 2. c4 {[%emt 0:00:13]} e6 {[%emt 0:00:00]} 3. Nc3 {[%emt 0:00:36]} Bb4 {[%emt 0:00:21]} 4. Qc2 {[%emt 0:00:46]} O-O {[%emt 0:00:24]} 5. a3 {[%emt 0:00:44]} Bxc3 {[%emt 0:00:55] LiveBook: 1207 Games} 6. Qxc3 {[%emt 0:00:11]} d6 {[%emt 0:00:17]} 7. e3 {[%emt 0:01:39] A17: English Opening: 1...Nf6 with ...Bb4} (7. b4 e5 8. g3 Bd7 9. d3 e4 10. dxe4 Nxe4 11. Qd4 Re8 12. Bb2 f6 13. Bg2 Nc6 14. Qd5+ Kh8 {½-½ (30) Nihal,S (2551)-Zhigalko,S (2616) Ankara 2018}) 7... Qe7 {[%emt 0:01:40]} 8. Be2 {[%emt 0:02:04]} e5 {[%emt 0:00:14]} 9. d3 $146 {[%emt 0:02:30]} ({Predecessor:} 9. b4 Bg4 10. Bb2 Nbd7 11. d3 b6 12. h3 Be6 13. g4 a5 14. d4 axb4 15. axb4 Rxa1+ 16. Bxa1 {0-1 (39) Duluc,J (2179)-Hauroo,H (2122) Paris 2004}) 9... Bg4 {[%emt 0:00:18]} 10. O-O {[%emt 0:01:18]} c6 {[%emt 0:00:10]} 11. b4 {[%emt 0:02:08]} Nbd7 {[%emt 0:00:28]} 12. Bb2 {[%emt 0:02:50]} Rfe8 {[%emt 0:00:06]} 13. Rfe1 {[%emt 0:05:41]} h6 {[%emt 0:04:41]} 14. h3 {[%emt 0:04:30]} Bf5 {[%emt 0:00:20]} 15. Nd2 {[%emt 0:03:07]} d5 {[%emt 0:01:05]} 16. Rad1 {[%emt 0:09:35]} Qd6 {[%emt 0:02:04]} 17. e4 {[%emt 0:14:53]} Bg6 {[%emt 0:03:48]} 18. Nf1 {[%emt 0:07:46]} (18. exd5 $14 cxd5 19. d4) 18... d4 {[%emt 0:03:01]} 19. Qb3 {[%emt 0:01:10]} c5 {[%emt 0:01:23]} 20. b5 {[%emt 0:02:22]} Nf8 {[%emt 0:01:37]} 21. Nd2 {[%emt 0:15:37]} Qd7 {[%emt 0:01:22]} 22. Bf1 {[%emt 0:02:20]} Bh5 {[%emt 0:04:28]} 23. Ra1 {[%emt 0:03:17]} Ne6 {[%emt 0:00:42]} 24. g3 {[%emt 0:01:02]} Ng5 {[%emt 0:05:42]} 25. Kh2 {[%emt 0:00:11]} Nf3+ {[%emt 0:01:16]} 26. Nxf3 {[%emt 0:00:14]} Bxf3 {[%emt 0:00:03]} 27. Bg2 {[%emt 0:01:31]} Bxg2 {[%emt 0:00:22]} 28. Kxg2 {[%emt 0:00:03]} Nh7 {[%emt 0:00:15]} 29. g4 {[%emt 0:06:57]} ({White should try} 29. Bc1 $11) 29... Re6 {[%emt 0:02:30]} 30. Bc1 {[%emt 0:01:55]} g5 {[%emt 0:00:16]} 31. Bd2 {[%emt 0:01:18]} Nf8 {[%emt 0:00:11]} 32. Rf1 {[%emt 0:01:58]} Ng6 {[%emt 0:00:38]} 33. f3 {[%emt 0:00:33]} Qe7 {[%emt 0:02:07]} 34. Be1 $17 {[%emt 0:02:07]} h5 {[%emt 0:01:16]} 35. Bg3 {[%emt 0:01:03]} Qf6 {[%emt 0:00:28]} 36. Qc2 {[%emt 0:01:45]} Kg7 {[%emt 0:00:47]} 37. a4 {[%emt 0:00:45]} a6 {[%emt 0:01:31]} 38. Qd2 {[%emt 0:00:27]} axb5 {[%emt 0:01:35]} 39. axb5 {[%emt 0:00:17]} Ree8 {[%emt 0:00:53]} 40. Rh1 {[%emt 0:00:00]} h4 {[%emt 0:00:00]} 41. Bh2 {[%emt 0:02:29]} Kh6 {[%emt 0:02:26]} 42. Rhb1 {[%emt 0:07:48]} Rec8 {[%emt 0:01:26]} 43. Rc1 {[%emt 0:02:35]} Rd8 {[%emt 0:01:31]} 44. Rcb1 {[%emt 0:00:30]} Qb6 {[%emt 0:00:16]} 45. Ra2 {[%emt 0:01:30]} Ra7 {[%emt 0:02:06]} 46. Rba1 {[%emt 0:00:31]} Rda8 {[%emt 0:00:04]} 47. Kf2 {[%emt 0:01:15]} f6 {[%emt 0:00:48]} 48. Ke2 {[%emt 0:00:45]} Kg7 {[%emt 0:01:01]} 49. Kd1 {[%emt 0:01:21]} Nf8 {[%emt 0:01:09]} 50. Kc1 {[%emt 0:01:25]} Ne6 {[%emt 0:00:16]} 51. Kb1 {[%emt 0:01:08]} Nc7 {[%emt 0:02:17]} 52. Rxa7 {[%emt 0:02:28]} Rxa7 {[%emt 0:00:58]} 53. Rxa7 {[%emt 0:00:29]} Qxa7 {[%emt 0:00:06]} 54. Qa2 {[%emt 0:00:25]} Qb6 {[%emt 0:00:50]} 55. Kc2 {[%emt 0:00:37]} Kf7 {[%emt 0:00:19]} 56. Qa4 {[%emt 0:01:10]} Ke7 {[%emt 0:01:17]} 57. Bg1 {[%emt 0:01:00]} Kd7 {[%emt 0:00:31]} 58. Bh2 {[%emt 0:03:55]} Kc8 {[%emt 0:01:41]} 59. Bg1 {[%emt 0:00:30]} Kb8 {[%emt 0:00:16]} 60. Bh2 {[%emt 0:02:35]} Qa7 {[%emt 0:02:23]} 61. Kb3 {[%emt 0:00:38]} Qb6 {[%emt 0:00:28]} 62. Kc2 {[%emt 0:00:20]} Qa7 {[%emt 0:01:17]} 63. Kb3 {[%emt 0:00:14]} Qxa4+ {[%emt 0:00:27]} 64. Kxa4 {[%emt 0:00:02]} Ne6 {[%emt 0:00:07]} 65. Ka5 {[%emt 0:00:53]} Kc7 {[%emt 0:00:10]} 66. Ka4 {[%emt 0:00:12]} Kb6 {[%emt 0:00:11]} 67. Kb3 {[%emt 0:01:36]} Ka5 {[%emt 0:00:02]} 68. Ka3 {[%emt 0:00:22]} Nc7 {[%emt 0:00:03]} 69. Bg1 {[%emt 0:00:58]} Ne6 {[%emt 0:02:15]} 70. Bh2 {[%emt 0:00:11]} Kb6 {[%emt 0:00:32]} 71. Ka4 {[%emt 0:00:32]} Kc7 {[%emt 0:00:18]} 72. Kb3 {[%emt 0:00:32]} Kd6 {[%emt 0:00:47]} 73. Ka4 {[%emt 0:00:37]} Nf8 {[%emt 0:02:01]} 74. Bg1 {[%emt 0:00:58]} Kc7 {[%emt 0:00:12]} 75. Bh2 {[%emt 0:00:41]} Ng6 {[%emt 0:01:45]} 76. Kb3 {[%emt 0:00:18]} Kb6 {[%emt 0:00:53]} 77. Ka4 {[%emt 0:00:12]} 1/2-1/2